000 00729nam a2200253Ia 4500
003 OSt
005 20220925220745.0
006 a|||||r|||| 00| 0
007 ta
008 220923b |||||||| |||| 00| 0 eng d
037 _cGeneral Book
040 _aRTL
_cRTL
_beng
041 _2eng
_aeng
082 _aY9(W), L4/TD
100 _aLUKES Steven
_980433
245 0 _aPower
_b A Radical view.
260 _aLondon
_bMacmillan
_c1974
300 _a64p.
_ccm.
490 _aStudies in Sociology. British Sociological Association, Publication
500 _aBibliography: P 59-64
650 _aPolitical Sociology
942 _hY9(W), L4/TD
_cGB
_2CC
999 _c572357
_d572357